000250145 001__ 250145
000250145 005__ 20260201182952.0
000250145 022__ $$2(DE-600)2980257-X$$a2611-8912
000250145 022__ $$a2611-8912$$l2611-8912
000250145 0247_ $$2ZDBID$$aPERI:(DE-600)2971031-5
000250145 0247_ $$2ZDBPPN$$aZDPPN:1185186913
000250145 0247_ $$2EZBID$$aPERI:(DE-606)454748
000250145 0247_ $$2EZBID$$aPERI:(DE-606)454748
000250145 0247_ $$2OCLC$$aOCLC:1233042740
000250145 035__ $$aPERI:(DE-600)2971031-5
000250145 040__ $$a0005$$bger$$cDE-101$$dJOIN²$$eJOIN² journal identification
000250145 041__ $$aeng
000250145 044__ $$cXA-IT
000250145 082__ $$223sdnb$$a930$$qDE-600
000250145 08274 $$223sdnb$$a930$$qDE-600
000250145 24220 $$2DE-600$$aAsia Anteriore Antica$$bJournal of Ancient Near Eastern Cultures$$yen
000250145 24220 $$2DE-600$$aAsia Anteriore Antica$$bJournal of Ancient Near Eastern Cultures
000250145 245__ $$2DE-600$$aAsia Anteriore Antica$$bJournal of Ancient Near Eastern Cultures$$hprint, online
000250145 2463_ $$2DE-600$$aAsia Anteriore Antica
000250145 2463_ $$aAsia Anteriore Antica
000250145 2463_ $$aAsiAnA
000250145 260__ $$aFirenze$$bUniversity of Firenze$$c2019-
000250145 2607_ $$2DOAJ$$aItaly$$bFirenze University Press$$d2021-05-07T12:19:01Z$$fUniversity of Florence
000250145 26431 $$aFirenze$$bUniversity of Firenze$$c2019-
000250145 3620_ $$2DE-600$$aVol 1, No 1 (2019)-
000250145 36301 $$2DE-600$$81.1\x$$a1$$b1$$i2019
000250145 380__ $$2marcgt$$ajournal
000250145 500__ $$aAutomatically generated record. (Updated: 2025-11-11)
000250145 65310 $$2EZB-Subject$$aArcheology
000250145 65310 $$2EZB-Keyword$$aVorderer Orient
000250145 65310 $$2DOAJ$$aphilology$$d2021-05-07T12:19:01Z
000250145 65310 $$2DOAJ$$alinguistics$$d2021-05-07T12:19:01Z
000250145 65310 $$2DOAJ$$ahistory$$d2021-05-07T12:19:01Z
000250145 65310 $$2DOAJ$$aHistory (General) and history of Europe: History of Asia$$d2021-05-07T12:19:01Z
000250145 65310 $$2DOAJ$$aLanguage and Literature: Oriental languages and literatures$$d2021-05-07T12:19:01Z
000250145 77608 $$2DE-600$$dFirenze : University of Firenze, 2019-$$iErscheint auch als$$nDruck-Ausgabe$$tAsia anteriore antica$$w(DE-600)2980257-X$$x2611-8912
000250145 8564_ $$d0$$uhttps://ezb.ur.de/?2971031-5$$yEZB
000250145 8564_ $$d0$$uhttps://riviste.fupress.net/index.php/asiana/about$$yAPC information
000250145 8564_ $$d0$$uhttps://riviste.fupress.net/index.php/asiana/about/editorialTeam$$yEditorial board
000250145 8564_ $$d0$$uhttps://riviste.fupress.net/index.php/asiana/about/submissions$$yInstructions for Authors
000250145 8564_ $$d0$$uhttps://riviste.fupress.net/index.php/asiana/index$$yVerlag = kostenfrei
000250145 8801_ $$2DE-600$$aAsia Anteriore Antica$$bJournal of Ancient Near Eastern Cultures
000250145 909CO $$ooai:juser.fz-juelich.de:915497$$pauthority$$pauthority:PERI
000250145 909CO $$ooai:juser.fz-juelich.de:915497
000250145 915__ $$0StatID:(DE-HGF)0501$$2StatID$$aDBCoverage$$bDOAJ Seal$$d2021-05-07T12:19:01Z
000250145 915__ $$0StatID:(DE-HGF)0500$$2StatID$$aDBCoverage$$bDOAJ$$d2021-05-07T12:19:01Z
000250145 915__ $$0StatID:(DE-HGF)0030$$2StatID$$aPeer Review$$bDOAJ : Double anonymous peer review$$d2021-05-07T12:19:01Z
000250145 915__ $$0LIC:(DE-HGF)CCBYNV$$2V:(DE-HGF)$$aCreative Commons Attribution CC BY (No Version)$$bDOAJ$$d2021-05-07T12:19:01Z
000250145 980__ $$aPERI
000250145 980__ $$aAUTHORITY